000 00779nam a2200253Ia 4500
003 OSt
005 20220928125848.0
006 a|||||r|||| 00| 0
007 ta
008 220927b |||||||| |||| 00| 0 eng d
020 _c6991.5
024 _a107222
037 _b602, 16/03/2010, Pioneer Book Distributors
_cTextual
040 _aSDCL
_cSDCL
_beng
041 _2eng
_aeng
082 _aD65,44, P9
100 _aParet Dominique
_9472070
245 0 _aRFID at ultra and super high frequencies
_b Theory and application.
260 _aChichester
_bWiley
_c2009
300 _axx, 527p.
_ccm.
650 _aElectronic Science
942 _hD65,44, P9
_cTEXL
_2CC
999 _c784648
_d784648